Bat Pat (Record no. 18191)

MARC details
000 -LÍDER
campo de controle de tamanho fixo 00362 a2200169 4500
001 - NÚMERO DE CONTROLE
campo de controle 18191
020 ## - ISBN - INTERNATIONAL STANDARD BOOK NUMBER
ISBN - International Standard Book Number 9788539500277
040 ## - FONTE DA CATALOGAÇÃO
Instituição que transcreveu o registro Anchieta - Bela Vista
100 ## - ENTRADA PRINCIPAL--NOME PESSOAL
Nome pessoal Pavanello, Roberto
240 10 - TÍTULO UNIFORME
Título uniforme Bat Pat
Idioma da obra por
245 10 - TÍTULO
Título Bat Pat
300 ## - DESCRIÇÃO FÍSICA
Extensão 92
362 0# - DATAS DE PUBLICAÇÃO E/OU DESIGNAÇÃO SEQUENCIAL
Datas de publicação e/ou designação sequencial 2011
440 #1 - DECLARAÇÃO DE SÉRIE/ENTRADA ADICIONADA--TÍTULO
Título Fundamento Educacional
650 #4 - ASSUNTO--TERMO TÓPICO
Cabeçalho tópico ou nome geográfico Literatura juvenil
942 ## - ELEMENTOS DE ENTRADA ADICIONADOS (KOHA)
Tipo de material Koha Livros
Holdings
Situação do descarte Situação das perdas Situação física Não pode ser emprestado Biblioteca de origem Biblioteca atual Data de aquisição Total de empréstimos Número de chamada completo Código de barras Data de último acesso Data do preço efetivo Tipo de material Koha Data do último empréstimo
        Canadian School of Niterói - Itacoatiara Canadian School of Niterói - Itacoatiara 09/02/2024 1 PAV A28067 29/02/2024 09/02/2024 Livros 21/02/2024
        Colégio Anchieta - Bela Vista Colégio Anchieta - Bela Vista 21/11/2023   LJ 028.5 P337b PAV BAT 4409/BEL 21/11/2023 21/11/2023 Livros  
        Colégio São Paulo Colégio São Paulo 21/11/2023   028.5 PAV BAT 3403/ITA 21/11/2023 21/11/2023 Livros